'H' Pictures by Category Quiz Stats

 Plays Quiz Updated Jun 13, 2014

Support Sporcle.
Go Orange.
Score 0/30 Timer 04:00
2 Plays Today
picture name % Correct
Hot Dogs
97.1%
Honda
96.2%
Heels
96%
Happy Meal
95.6%
Honey
95%
VerbsHugging
94.9%
Clothes & ClothingHoodie
94.5%
Headband
91.5%
Hello Kitty
91%
Hatching
89.6%
OccupationsHairdresser
87.4%
Hitchhiking
86.8%
Huddling
86.6%
LogosHewlett-Packard
84.7%
Hovering
79.7%
picture name % Correct
FoodHummus
76.9%
Halter
67.8%
Heracles
66.3%
Haberdasher
62.5%
Headmaster
61.4%
Hermes
59.4%
Hotmail
57.3%
Habit
56.8%
Hera
49.3%
Habanero Red Pepper
42.3%
Horticulturist
41.1%
Hallmark
27.5%
Helen of Troy
24.9%
Historian
7.9%
Greek MythologyHector
7.8%

From the Vault

1950s Slang

by Hejman

Watching Back to the Future might help with this one.
Remove Ads.
Support Sporcle.
Get the best of Sporcle when you Go Orange. This ad-free experience offers more features, more stats, and more fun while also helping to support Sporcle. Thank you for becoming a member.

Show Comments

Extras

Top Quizzes Today


Score Distribution

Your Account Isn't Verified!

In order to create a playlist on Sporcle, you need to verify the email address you used during registration. Go to your Sporcle Settings to finish the process.

Report this User

Report this user for behavior that violates our Community Guidelines.

Details: